|
|
|
|
| LEADER |
00818nam a2200289 4500 |
| 001 |
DLU110123701 |
| 005 |
##20110809 |
| 040 |
# |
# |
|a DLU
|b vie
|
| 041 |
# |
# |
|a vie
|
| 044 |
# |
# |
|a vn
|
| 082 |
# |
# |
|a 170
|b Chu
|
| 245 |
# |
# |
|a Chủ nghĩa xã hội và nhân cách.
|n t.I/
|c L.M.Ackhanghenxki chủ biên; Đào Anh San dịch; Dương Ngọc Kỳ hiệu đính, Mai Thi hiệu đính.
|
| 260 |
# |
# |
|a H.:
|b Sách giáo khoa Mác - Lê - Nin,
|c 1983
|
| 300 |
# |
# |
|a 243 tr. ;
|c 19 cm.
|
| 700 |
# |
# |
|a Đào Anh San,
|e dịch.
|
| 700 |
# |
# |
|a Dương Ngọc Kỳ,
|e hiệu đính.
|
| 700 |
# |
# |
|a Mai Thi,
|e hiệu đính.
|
| 991 |
# |
# |
|a SH
|
| 992 |
# |
# |
|a 6.20
|
| 994 |
# |
# |
|a DLU
|
| 900 |
# |
# |
|a True
|
| 911 |
# |
# |
|a Nguyễn Huyền Anh
|
| 925 |
# |
# |
|a G
|
| 926 |
# |
# |
|a A
|
| 927 |
# |
# |
|a SH
|
| 980 |
# |
# |
|a Thư viện Trường Đại học Đà Lạt
|